00451nam a2200169 a 4500001001300000003000900013005001700022008004100039020001000080082001700090100001700107245005100124260002900175500003500204650002500239700001700264nice12345678IN_TiNIC20260116014305.0070405s2004 dela grp 000 0 eng  ac10000a338.927bDAL aDale, Reidar aEvaluating Development Programmes and Projects aDelhibVistaar Pubc2004 aincludes index and biblioraphy aEconomic Development1 aDale, Reidar